000 00802nam a2200217 i 4500
001 157297
003 ES-MaACL
005 20250814070106.0
008 040818s1873 fr |||| | fre d
040 _aCAM
_bspa
_cCAM
100 1 _aLavallée, Théophile.
_9128749
245 1 0 _aGéographie physique, historique et militaire /
_cpar Théophile Lavallée.
250 _a10e ed.
_bent. ref., corr. et aug. par M.P. Martine.
260 _aParis :
_bCharpentier et cie.,
_c1873 (
_fImp. Simon Raçon et Cie.)
300 _aXI, 702 p. ;
_c19 cm.
650 0 7 _aGeografía física
_2embne
_913078
650 0 7 _aGeografía histórica
_2embne
_9136174
650 7 _aGeografía militar
_2embne
_913082
852 _aES-MaACL
_jG-624
_z-- Enc. hol.
_z-- Legado Calderón
999 _c157297
_d157297